000 00715nam a22002177a 4500
003 OSt
005 20160723111241.0
008 160723b xxu||||| |||| 00| 0 eng d
020 _a978-14283-3524-0
040 _cLIC
082 _22009
_aDC 513.024
_bSf5p
100 _911800
_aSformo, Todd.
245 _aPractical problems in mathematics for automotive technicians /
_cTodd Sformo, Larry Sformo
250 _a7th Edition.
260 _aClifton Park, NY :
_bThomson Delmar Learning,
_cc2009.
300 _axii, 237 pages:
_billustrations ;
_c23 cm.
365 _b3,475.00
_cPhp
650 0 _911804
_aAutomobiles -- Maintenance and repair -- Mathematics.
700 _911805
_aSformo, Larry.
942 _2ddc
_cDC
999 _c3543
_d3543